Multiple-Choice-Stadtquiz Remscheid - Statistiken

Allgemein
  • Dieses Quiz wurde 17 mal gespielt
  • Das Durchschnittsergebnis liegt bei 7 aus 10
Antwortstatistiken
Frage Antwort % Korrekt
In welchem Bevölkerungsbereich liegt Remscheid? 100.000 - 200.000
100%
In welchem Bundesland liegt die Stadt? Nordrhein-Westfalen
100%
Wofür war die Stadt bekannt? Metallwerkzeuge
87%
Der Nobelpreisträger mit Verbindungen zur Stadt Wilhelm Röntgen
87%
Welcher Fluss fließt durch die Stadt? Wupper
87%
Die Stadt hat das höchste Ding in Deutschland, es ist das höchste Eisenbahnbrücke
80%
6. Welche der folgenden Partnerstädte von Remscheid liegt in Slowakei ? Prešov
80%
Erkennen Sie das Rathaus in der Stadt auf dem Foto?
67%
Welches Werkzeug ist im Wappen der Stadt zu sehen? Sichel
27%
Wie viele Stadtteile hat die Stadt? 4
13%
Keine übereinstimmenden Quizze gefunden
Verteilung der Resultate
Anzahl Personen mit jedem Resultat
Perzentil nach korrekt beantworteten Fragen
Ihre Resultats-Entwicklung
Sie haben dieses Quiz noch nicht gespielt